00812nam a22001697a 450000500170000000800410001702000180005804000080007605000170008410000270010124500930012825000200022126000350024130000350027650503180031165000130062920231102152116.0190830s 2007mx a 001 0 spa d a9789702010395 aUIN aQC23.2 bL85 aLuna, Felipee , autor aRespuestas a ejercicios y actividades Ciencias (Física 2)b : Cuadernoc / Felipe Luna a1a. edición / aMéxicob : Castilloc , 2007 a80 páginasb ; Ilustraciones aBloque 1. El movimiento. La descripción de los cambios e la Naturaleza. Bloque 2. Las fuerzas. La explicación de los cambios. Bloque 3. Las interacciones de la materia. Un modelo para describir. Bloque 4. Manifestaciones de la estructura interna de la materia. Bloque 5. Conocimiento, sociedad y tecnología. 0aFÍSICA